Star Wars: All Jedi (Canon) - Statistics

General Stats
  • This quiz has been taken 177 times
  • The average score is 30 of 68
Answer Stats
First Seen/Introduced In: Answer % Correct
Yoda
99%
Obi-Wan Kenobi
96%
Episode I: The Phantom Menace Qui-Gon Jinn
92%
Episode IV: A New Hope Luke Skywalker
91%
Mace Windu
91%
Anakin Skywalker
87%
Episode II: Attack of the Clones Kit Fisto
87%
Rey Skywalker (Palpatine)
84%
Dooku
81%
Ki-Adi-Mundi
80%
Plo Koon
80%
Aayla Secura
77%
Episode VII: The Force Awakens Ben Solo
77%
Ezra Bridger
77%
Yaddle
77%
The Clone Wars Ahsoka Tano
76%
Rebels Kanan Jarrus (a.k.a. Caleb Dume)
76%
Barriss Offee
70%
Cal Kestis
70%
Shaak Ti
70%
Luminara Unduli
67%
Quinlan Vos
57%
Adi Gallia
56%
Agen Kolar
56%
Eeth Koth
56%
Coleman Trebor
54%
Depa Billaba
52%
Ferren Barr
52%
Saesee Tiin
52%
Pong Krell
49%
Asajj Ventress
48%
Oppo Rancisis
48%
Yarael Poof
47%
Stass Allie
46%
Cere Junda
44%
Even Piell
42%
Jocasta Nu
38%
Coleman Kcaj
35%
Ima-Gun Di
34%
Nahdar Vebb
33%
Jaro Tapal
32%
Tiplar and Tiplee
32%
Younglings - Ran Deezy, Farn Klin, Kalifa, O-Mer, Jinx, Petro, Katooni, Byph, Ganodi, Zatt and Gungi
29%
Trilla Suduri
27%
Jedi: Fallen Order Eno Cordova
24%
Halsey + Knox
23%
Zett Jukassa
23%
Bultar Swan
22%
Sifo-Dyas
22%
Tera Sinube
22%
Bolla Ropal
20%
Jedi Temple Guard/Cin Drallig
20%
Taron Malicos
19%
Pablo-Jill
14%
Ky Narec
10%
Ord Enisence
10%
Dark Disciple Tholme
10%
Darth Vader: Dark Lord of the Sith Kirak Infil'a
9%
Master & Apprentice Rael Averross
8%
Thongla Jur
8%
Akar-Deshu
6%
Finn Ertay + Unnamed Nikto Jedi
6%
Kav Bayons
6%
Heir to the Jedi Huulik
5%
Eekar Oki
4%
Nim Pianna
4%
Rig Nema
4%
Tu-Anh
4%
No matching quizzes found
Score Distribution
Percent of People with Each Score
Percentile by Number Answered
Your Score History
You have not taken this quiz